[Event "Frauenbundesliga 2017-2018"]
[Site "Feffernitz, Grieskirchen, St. Veit/Glan"]
[Date "2018.01.21"]
[Round "6"]
[Board "2"]
[White "Landl, Margot"]
[Black "Kurapova, Olga"]
[Result "1/2-1/2"]
[WhiteElo "1903"]
[BlackElo "1964"]
[PlyCount "56"]
[EventDate "2017.11.24"]
[EventType "team"]
[EventRounds "9"]
[EventCountry "AUT"]
[WhiteTeam "SC Extraherb WS"]
[BlackTeam "SK Dornbirn"]

1. e4 {[%emt 0:00:00]} e5 2. Nf3 Nf6 3. d4 exd4 4. e5 Ne4 5. Qxd4 d5 6. exd6
Nxd6 7. Nc3 Nc6 8. Qf4 Be6 9. Bd3 Qd7 10. Bd2 Be7 11. O-O-O a6 12. Ng5 Bf5 13.
Nge4 Bg6 14. Nc5 Qd8 15. Bxg6 hxg6 16. Rhe1 O-O 17. Nd5 b6 18. Nxe7+ Nxe7 19.
Ne4 Nd5 20. Qf3 Nxe4 21. Rxe4 Qf6 22. Qg3 Rfe8 23. Rh4 Qf5 24. Rh3 Nf6 25. Qh4
Qh5 26. Qg3 Qf5 27. Qh4 Qh5 28. Qg3 Qf5  1/2-1/2

[Event "Frauenbundesliga 2017-2018"]
[Site "Feffernitz, Grieskirchen, St. Veit/Glan"]
[Date "2018.01.21"]
[Round "6"]
[Board "3"]
[White "Pribozic, Sabrina"]
[Black "Zechner, Andrea"]
[Result "1-0"]
[WhiteElo "1520"]
[BlackElo "1818"]
[PlyCount "109"]
[EventDate "2017.11.24"]
[EventType "team"]
[EventRounds "9"]
[EventCountry "AUT"]
[WhiteTeam "SK Dornbirn"]
[BlackTeam "SC Extraherb WS"]

1. d4 {[%emt 0:00:00]} d5 2. Nf3 Nf6 3. e3 Bg4 4. Be2 e6 5. O-O c5 6. b3 Nc6 7.
Bb2 Bd6 8. Ne5 Bxe2 9. Qxe2 O-O 10. f4 Rc8 11. c4 cxd4 12. exd4 Ne7 13. Nd2 Qa5
14. c5 Bb8 15. Rf3 Qc7 16. Rc1 Nc6 17. a3 Qe7 18. b4 Nd7 19. Rh3 Ncxe5 20. fxe5
f6 21. Rcc3 fxe5 22. dxe5 Bxe5 23. Rc2 Bxb2 24. Rxb2 Qf6 25. Nf3 Rce8 26. Rb1
Qg6 27. Re1 Nf6 28. Ne5 Qf5 29. Rf1 Qe4 30. Re3 Qd4 31. Nf3 Qg4 32. h3 Qh5 33.
Rxe6 Ne4 34. Rxe8 Rxe8 35. Re1 Qg6 36. Qd1 Rd8 37. Ne5 Qf6 38. Nf3 h6 39. Re3
Qg6 40. Ne5 Qf5 41. Nf3 Qf6 42. Qb3 Kh8 43. Qd3 Qf4 44. Qd4 Qc7 45. Ne5 Kh7 46.
Rf3 Ng5 47. Rf1 Re8 48. Qd3+ Kg8 49. Qxd5+ Kh8 50. Ng6+ Kh7 51. Nf8+ Kh8 52.
Qf5 Qc8 53. Ng6+ Kg8 54. Qxc8 Rxc8 55. Ne7+  1-0

[Event "Frauenbundesliga 2017-2018"]
[Site "Feffernitz, Grieskirchen, St. Veit/Glan"]
[Date "2018.01.21"]
[Round "6"]
[Board "4"]
[White "Mattersberger, Melanie"]
[Black "Baitulaeva, Ayscha"]
[Result "1-0"]
[WhiteElo "1678"]
[BlackElo "900"]
[PlyCount "43"]
[EventDate "2017.11.24"]
[EventType "team"]
[EventRounds "9"]
[EventCountry "AUT"]
[WhiteTeam "SC Extraherb WS"]
[BlackTeam "SK Dornbirn"]

1. e4 e5 2. Nf3 Nc6 3. Bb5 d6 4. O-O Bg4 5. h3 Bh5 6. c3 a6 7. Ba4 b5 8. Bc2
Nf6 9. d4 Bg6 10. Re1 d5 11. exd5 Nxd5 12. Bxg6 fxg6 13. Nxe5 Nxe5 14. Rxe5+
Be7 15. Bg5 Nf6 16. Qe2 Qd6 17. Nd2 Rf8 18. Re1 Rf7 19. Ne4 Qc6 20. Nxf6+ gxf6
21. Rxe7+ Rxe7 22. Qxe7#  1-0

[Event "Frauenbundesliga 2017-2018"]
[Site "Feffernitz, Grieskirchen, St. Veit/Glan"]
[Date "2018.01.21"]
[Round "6"]
[Board "1"]
[White "Kejzar, Petra"]
[Black "Stangl, Anita"]
[Result "1/2-1/2"]
[WhiteElo "2071"]
[BlackElo "2039"]
[PlyCount "92"]
[EventDate "2017.11.24"]
[EventType "team"]
[EventRounds "9"]
[EventCountry "AUT"]
[WhiteTeam "SV OEkothek St. Veit/Glan"]
[BlackTeam "Schach ohne Grenzen"]

1. Nf3 e6 2. c4 d5 3. b3 Nf6 4. Bb2 Be7 5. e3 O-O 6. Be2 c5 7. O-O Nc6 8. d4 b6
9. Nc3 cxd4 10. Nxd4 Nxd4 11. Qxd4 dxc4 12. Qxc4 Bb7 13. Rfd1 Qc8 14. Qf4 Rd8
15. Rxd8+ Qxd8 16. Rd1 Qb8 17. Qxb8+ Rxb8 18. Nb5 Ba6 19. Be5 Rd8 20. Rxd8+
Bxd8 21. Kf1 Bxb5 22. Bxb5 Nd5 23. Ke2 Bf6 24. Bxf6 Nxf6 25. Bc6 Kf8 26. h3 Ke7
27. Kd3 Kd6 28. Bf3 Nd7 29. Kc3 e5 30. Be4 Nf6 31. Bb7 Ne8 32. Kc4 Nc7 33. Be4
g6 34. g4 Ke6 35. g5 Ne8 36. h4 Nd6+ 37. Kd3 f6 38. f4 Nxe4 39. Kxe4 f5+ 40.
Kd3 exf4 41. exf4 Kd5 42. a3 b5 43. Ke3 a6 44. Kd3 a5 45. Ke3 Kc5 46. Kd3 b4
 1/2-1/2

[Event "Frauenbundesliga 2017-2018"]
[Site "Feffernitz, Grieskirchen, St. Veit/Glan"]
[Date "2018.01.21"]
[Round "6"]
[Board "2"]
[White "Ganzera, Andrea"]
[Black "Polterauer, Chiara"]
[Result "0-1"]
[WhiteElo "1996"]
[BlackElo "2190"]
[PlyCount "72"]
[EventDate "2017.11.24"]
[EventType "team"]
[EventRounds "9"]
[EventCountry "AUT"]
[WhiteTeam "Schach ohne Grenzen"]
[BlackTeam "SV OEkothek St. Veit/Glan"]

1. d4 d5 2. c4 c6 3. cxd5 cxd5 4. Nc3 Nf6 5. Bf4 Nc6 6. e3 Bf5 7. Qb3 Na5 8.
Bb5+ Bd7 9. Qa4 Nc6 10. Qb3 e6 11. Nf3 Be7 12. h3 O-O 13. Ne5 Na5 14. Qa4 Bxb5
15. Qxb5 a6 16. Qe2 Rc8 17. O-O Nc4 18. Rac1 Qa5 19. Nxc4 Rxc4 20. e4 Rfc8 21.
exd5 Nxd5 22. Nxd5 Qxd5 23. Rxc4 Rxc4 24. Be3 Bf6 25. b3 Rc3 26. Rd1 h6 27. Qd2
Rc8 28. Qb4 Rc7 29. Rd2 Rc1+ 30. Kh2 Qe4 31. Re2 Rf1 32. Qc4 Be7 33. Qc7 Bf8
34. Qe5 Qc6 35. Bf4 g5 36. Bg3 Qc1  0-1

[Event "Frauenbundesliga 2017-2018"]
[Site "Feffernitz, Grieskirchen, St. Veit/Glan"]
[Date "2018.01.21"]
[Round "6"]
[Board "3"]
[White "Tarmastin, Laura"]
[Black "Anker, Christin"]
[Result "1/2-1/2"]
[WhiteElo "1883"]
[BlackElo "1809"]
[PlyCount "61"]
[EventDate "2017.11.24"]
[EventType "team"]
[EventRounds "9"]
[EventCountry "AUT"]
[WhiteTeam "SV OEkothek St. Veit/Glan"]
[BlackTeam "Schach ohne Grenzen"]

1. e4 e5 2. Nf3 Nc6 3. Bc4 Bc5 4. c3 Nf6 5. d3 a6 6. a4 d6 7. Bb3 Be6 8. Bxe6
fxe6 9. O-O Qd7 10. Be3 Ba7 11. Nbd2 O-O 12. Re1 Bxe3 13. fxe3 d5 14. exd5 exd5
15. e4 Kh8 16. Nf1 Rad8 17. Ng3 dxe4 18. dxe4 Qxd1 19. Raxd1 h6 20. h3 Kg8 21.
Rf1 a5 22. Rfe1 g6 23. Rxd8 Rxd8 24. Kf2 Kf7 25. Ke2 Ke6 26. Rd1 Rxd1 27. Kxd1
Nd7 28. Kc2 Nc5 29. b3 b6 30. Ne1 Kd6 31. Nd3  1/2-1/2

[Event "Frauenbundesliga 2017-2018"]
[Site "Feffernitz, Grieskirchen, St. Veit/Glan"]
[Date "2018.01.21"]
[Round "6"]
[Board "4"]
[White "Kimpel, Janine"]
[Black "Krassnitzer, Maria"]
[Result "1-0"]
[WhiteElo "1872"]
[BlackElo "1620"]
[PlyCount "47"]
[EventDate "2017.11.24"]
[EventType "team"]
[EventRounds "9"]
[EventCountry "AUT"]
[WhiteTeam "Schach ohne Grenzen"]
[BlackTeam "SV OEkothek St. Veit/Glan"]

1. e4 d5 2. exd5 Qxd5 3. Nc3 Qa5 4. d4 Nf6 5. Bc4 Bf5 6. Nge2 e6 7. Bd2 c6 8.
Ng3 Bg6 9. h4 h6 10. h5 Bh7 11. Qe2 Nbd7 12. d5 cxd5 13. Nxd5 Qd8 14. O-O Bd6
15. Bc3 O-O 16. Nxf6+ Nxf6 17. Rad1 Qb6 18. Bd4 Qc7 19. Bxf6 Bxg3 20. Qg4 Bh2+
21. Kh1 g6 22. g3 Bxg3 23. fxg3 Qc5 24. Bd3  1-0

[Event "Frauenbundesliga 2017-2018"]
[Site "Feffernitz, Grieskirchen, St. Veit/Glan"]
[Date "2018.01.21"]
[Round "6"]
[Board "1"]
[White "Repkova, Eva"]
[Black "Exler, Veronika"]
[Result "1/2-1/2"]
[WhiteElo "2296"]
[BlackElo "2194"]
[PlyCount "55"]
[EventDate "2017.11.24"]
[EventType "team"]
[EventRounds "9"]
[EventCountry "AUT"]
[WhiteTeam "ASVOE Pamhagen"]
[BlackTeam "ASVOE Wulkaprodersdorf"]

1. e4 c6 2. d4 d5 3. exd5 cxd5 4. c4 e6 5. Nc3 Nf6 6. Nf3 Bb4 7. Bd2 O-O 8. a3
Bxc3 9. Bxc3 Ne4 10. Bb4 Re8 11. Bd3 a5 12. Bd2 Nxd2 13. Qxd2 dxc4 14. Bxc4 b6
15. O-O Ba6 16. b3 Nd7 17. Rfd1 Nf6 18. Ne5 Qd6 19. Qf4 Re7 20. Qg3 Rc7 21. h4
Bb7 22. Rd3 Be4 23. Rd2 Rac8 24. a4 Bd5 25. Rd3 Be4 26. Rd2 Bd5 27. Rd3 Be4 28.
Rd2  1/2-1/2

[Event "Frauenbundesliga 2017-2018"]
[Site "Feffernitz, Grieskirchen, St. Veit/Glan"]
[Date "2018.01.21"]
[Round "6"]
[Board "2"]
[White "Newrkla, Katharina"]
[Black "Theissl-Pokorna, Regina"]
[Result "1/2-1/2"]
[WhiteElo "2175"]
[BlackElo "2320"]
[PlyCount "56"]
[EventDate "2017.11.24"]
[EventType "team"]
[EventRounds "9"]
[EventCountry "AUT"]
[WhiteTeam "ASVOE Wulkaprodersdorf"]
[BlackTeam "ASVOE Pamhagen"]

1. e4 e5 2. Nf3 Nc6 3. d4 exd4 4. Nxd4 Nf6 5. Nc3 Bc5 6. Nb3 Bb6 7. Bg5 h6 8.
Bh4 Qe7 9. Qd2 g5 10. Bg3 d6 11. O-O-O Bd7 12. f3 O-O-O 13. Bf2 Rhe8 14. Bxb6
axb6 15. Qf2 Qe5 16. Kb1 Be6 17. Bd3 Nb4 18. Bb5 Nc6 19. Nc1 Bd7 20. Nd3 Qe7
21. h4 g4 22. Nf4 Ne5 23. Nfd5 Nxd5 24. Nxd5 Qe6 25. Nf4 Qf6 26. Nd5 Qe6 27.
Nf4 Qf6 28. Nd5 Qe6  1/2-1/2

[Event "Frauenbundesliga 2017-2018"]
[Site "Feffernitz, Grieskirchen, St. Veit/Glan"]
[Date "2018.01.21"]
[Round "6"]
[Board "3"]
[White "Hapala, Elisabeth"]
[Black "Moerwald, Magdalena"]
[Result "1-0"]
[WhiteElo "2091"]
[BlackElo "1798"]
[PlyCount "59"]
[EventDate "2017.11.24"]
[EventType "team"]
[EventRounds "9"]
[EventCountry "AUT"]
[WhiteTeam "ASVOE Pamhagen"]
[BlackTeam "ASVOE Wulkaprodersdorf"]

1. e4 c6 2. d4 d5 3. e5 Bf5 4. Nf3 e6 5. Be2 Nd7 6. O-O c5 7. c4 dxc4 8. d5 Nb6
9. d6 f6 10. Na3 a6 11. Re1 fxe5 12. Nxe5 Qxd6 13. Qxd6 Bxd6 14. Naxc4 Nxc4 15.
Nxc4 Rd8 16. Bf3 b5 17. Nxd6+ Rxd6 18. g4 Bg6 19. Bf4 Rd3 20. Rxe6+ Kf7 21. Re3
Nf6 22. g5 Nd5 23. Rxd3 Nxf4 24. Rd7+ Ke6 25. Rad1 Bf5 26. Rxg7 h6 27. Re1+ Kd6
28. Rf7 Nh3+ 29. Kg2 Bc8 30. Rf6+  1-0

[Event "Frauenbundesliga 2017-2018"]
[Site "Feffernitz, Grieskirchen, St. Veit/Glan"]
[Date "2018.01.21"]
[Round "6"]
[Board "4"]
[White "Moerwald, Miriam"]
[Black "Horvath, Reka"]
[Result "0-1"]
[WhiteElo "1625"]
[BlackElo "2053"]
[PlyCount "82"]
[EventDate "2017.11.24"]
[EventType "team"]
[EventRounds "9"]
[EventCountry "AUT"]
[WhiteTeam "ASVOE Wulkaprodersdorf"]
[BlackTeam "ASVOE Pamhagen"]

1. e4 c5 2. Nc3 Nc6 3. f4 g6 4. Nf3 Bg7 5. Bb5 Nd4 6. O-O a6 7. Bd3 d6 8. Nxd4
cxd4 9. Ne2 Nf6 10. Kh1 O-O 11. Qe1 Nd7 12. Qf2 Qb6 13. Qh4 Qc6 14. f5 Nc5 15.
Rf3 Bf6 16. Qh6 Bg7 17. Qh4 Bf6 18. Qh6 Nxe4 19. Bxe4 Qxe4 20. Rh3 Re8 21.
Qxh7+ Kf8 22. fxg6 Qxg6 23. Qxg6 fxg6 24. Rg3 Bf5 25. d3 Rac8 26. Bh6+ Kf7 27.
Rc1 Rh8 28. Bg5 Be5 29. Bf4 Bg7 30. h3 e5 31. Bg5 e4 32. Bf4 Rc6 33. dxe4 Bxe4
34. Rb3 b5 35. Rf1 Kg8 36. c3 d3 37. Ng3 Bd5 38. Rf3 Bxb3 39. Kg1 Rh4 40. axb3
Bxc3 41. b4 Bd4+  0-1

[Event "Frauenbundesliga 2017-2018"]
[Site "Feffernitz, Grieskirchen, St. Veit/Glan"]
[Date "2018.01.21"]
[Round "6"]
[Board "1"]
[White "Richterova, Natasa"]
[Black "Rozman, Monika"]
[Result "0-1"]
[WhiteElo "2181"]
[BlackElo "2136"]
[PlyCount "96"]
[EventDate "2017.11.24"]
[EventType "team"]
[EventRounds "9"]
[EventCountry "AUT"]
[WhiteTeam "Spg. Steyr"]
[BlackTeam "SV Chesshero Rapid Feffernitz"]

1. e4 c5 2. Nf3 e6 3. b3 a6 4. c4 d6 5. d4 cxd4 6. Nxd4 Nf6 7. Nc3 Be7 8. Be2
Nc6 9. Nc2 O-O 10. O-O b6 11. Be3 Bb7 12. Rc1 Rc8 13. f3 Re8 14. Qd2 Qc7 15.
Rfd1 Ne5 16. Na4 Ned7 17. Bf4 Ne5 18. Qd4 Nxf3+ 19. gxf3 e5 20. Qxb6 exf4 21.
Qxc7 Rxc7 22. Nd4 Bc8 23. Bf1 g5 24. h3 Nd7 25. Nf5 Ne5 26. Nxe7+ Rexe7 27. Kf2
{[%emt 0:00:00]} Rc6 28. Rd2 Kg7 29. Rcd1 Re6 30. Nc3 Rh6 31. Nd5 Bxh3 32. Ne7
Rb6 33. Bxh3 Rxh3 34. Nf5+ Kg6 35. Rxd6+ Rxd6 36. Rxd6+ f6 37. Rxa6 Rxf3+ 38.
Kg2 Rc3 39. Ra7 Rc2+ 40. Kf1 h6 41. Rg7+ Kh5 42. a4 Kg4 43. a5 Ra2 44. b4 Kf3
45. Nd4+ Kxe4 46. Nb5 Ke3 47. Nd6 Rf2+ 48. Ke1 Nd3+  0-1

[Event "Frauenbundesliga 2017-2018"]
[Site "Feffernitz, Grieskirchen, St. Veit/Glan"]
[Date "2018.01.21"]
[Round "6"]
[Board "2"]
[White "Urh, Zala"]
[Black "Molnar, Monika"]
[Result "1-0"]
[WhiteElo "1978"]
[BlackElo "1795"]
[PlyCount "117"]
[EventDate "2017.11.24"]
[EventType "team"]
[EventRounds "9"]
[EventCountry "AUT"]
[WhiteTeam "SV Chesshero Rapid Feffernitz"]
[BlackTeam "Spg. Steyr"]

1. d4 d5 2. c4 e6 3. Nc3 Nf6 4. Nf3 Be7 5. Bg5 h6 6. Bh4 Nbd7 7. e3 O-O 8. Rc1
c6 9. a3 Ne4 10. Bxe7 Nxc3 11. Rxc3 Qxe7 12. Bd3 e5 13. dxe5 dxc4 14. Bxc4 Nxe5
15. Nxe5 Qxe5 16. Qb3 Qg5 17. Bf1 Qg6 18. Rc1 Re8 19. f3 Qg5 20. Kf2 Bf5 21.
Bc4 Be6 22. Rhd1 Qe5 23. Bxe6 Rxe6 24. g3 Rae8 25. Rd3 Qh5 26. Kg2 Qg5 27. Re1
b6 28. e4 R6e7 29. Red1 Qe5 30. Rd6 Re6 31. Rd7 R8e7 32. R7d4 Kh7 33. R1d2 Qc7
34. Qd3 a5 35. Rd8 g6 36. Qd4 Qe5 37. Qxb6 f5 38. exf5 Qxf5 39. R8d7 Qb5 40.
Qxb5 cxb5 41. Kf2 Kg7 42. Rxe7+ Rxe7 43. Rd5 Rb7 44. Ke3 a4 45. Ke4 b4 46. Ra5
bxa3 47. bxa3 Rb2 48. h4 Re2+ 49. Kf4 Rb2 50. Rxa4 Rb5 51. Ra7+ Kf6 52. Ra6+
Kf7 53. g4 Rc5 54. a4 Rc4+ 55. Ke5 Rc5+ 56. Kd4 Rc7 57. h5 gxh5 58. Rxh6 hxg4
59. Rh7+  1-0

[Event "Frauenbundesliga 2017-2018"]
[Site "Feffernitz, Grieskirchen, St. Veit/Glan"]
[Date "2018.01.21"]
[Round "6"]
[Board "3"]
[White "Hackbarth, Christa"]
[Black "Zoehrer, Sarah"]
[Result "1/2-1/2"]
[WhiteElo "1818"]
[BlackElo "1735"]
[PlyCount "32"]
[EventDate "2017.11.24"]
[EventType "team"]
[EventRounds "9"]
[EventCountry "AUT"]
[WhiteTeam "Spg. Steyr"]
[BlackTeam "SV Chesshero Rapid Feffernitz"]

1. d4 {[%emt 0:00:00]} d5 2. Nf3 e6 3. Bf4 Bd6 4. Bg3 c5 5. e3 Nf6 6. Be2 O-O
7. O-O Ne4 8. c4 Nxg3 9. hxg3 b6 10. Nc3 Nd7 11. Qc2 g5 12. cxd5 exd5 13. Nb5
Bb8 14. Rac1 g4 15. Nh2 Nf6 16. Nc7 Bxc7 {
Rest nicht leserlich, Remis im Zug 58!}  1/2-1/2

[Event "Frauenbundesliga 2017-2018"]
[Site "Feffernitz, Grieskirchen, St. Veit/Glan"]
[Date "2018.01.21"]
[Round "6"]
[Board "4"]
[White "Sommer, Milena"]
[Black "Nagy, Laura"]
[Result "1-0"]
[WhiteElo "1609"]
[BlackElo "1803"]
[PlyCount "133"]
[EventDate "2017.11.24"]
[EventType "team"]
[EventRounds "9"]
[EventCountry "AUT"]
[WhiteTeam "SV Chesshero Rapid Feffernitz"]
[BlackTeam "Spg. Steyr"]

1. e4 e5 2. Nf3 Nc6 3. Bb5 a6 4. Ba4 Nf6 5. d3 d6 6. O-O Be7 7. Bg5 b5 8. Bb3
Na5 9. Nbd2 Nxb3 10. Nxb3 c5 11. Re1 h6 12. Bh4 Bb7 13. c3 O-O 14. Nbd2 Nh5 15.
Bxe7 Qxe7 16. d4 Nf4 17. Qc2 Rac8 18. dxe5 dxe5 19. Rad1 Qe6 20. g3 Ng6 21. b3
Qg4 22. Qd3 Rfd8 23. Qe3 f6 24. Kh1 Rd6 25. Qe2 Rcd8 26. c4 Rd3 27. cxb5 axb5
28. Rc1 Qc8 29. Rc2 Qa8 30. Nb1 c4 31. bxc4 bxc4 32. Rxc4 Ba6 33. Ra4 Qc6 34.
Ra5 Qb6 35. Ra4 Qb5 36. Ra3 Qb4 37. Rxd3 Bxd3 38. Qd2 Qb7 39. Nc3 f5 40. Qd1
fxe4 41. Nxe4 Qb6 42. Qb3+ Qxb3 43. axb3 Bb5 44. Nfd2 Bc6 45. Kg1 Rd3 46. Rb1
Rd4 47. f3 Bb5 48. Rb2 Ne7 49. Kf2 Nc6 50. Nc3 Ba6 51. Nde4 Nb4 52. Nc5 Bc8 53.
Ke3 Bf5 54. Na2 Nc2+ 55. Ke2 Rd5 56. Ne4 Nd4+ 57. Ke3 Nxf3 58. b4 Ne1 59. Nac3
Rd7 60. b5 Rd3+ 61. Ke2 Bxe4 62. Nxe4 Rd4 63. Ke3 Rc4 64. b6 Nc2+ 65. Kd3 Rb4
66. Kxc2 Rxe4 67. b7  1-0

[Event "Frauenbundesliga 2017-2018"]
[Site "Feffernitz, Grieskirchen, St. Veit/Glan"]
[Date "2018.04.06"]
[Round "7"]
[Board "1"]
[White "Rozman, Monika"]
[Black "Wu, Min"]
[Result "1-0"]
[WhiteElo "2136"]
[BlackElo "1948"]
[PlyCount "61"]
[EventDate "2017.11.24"]
[EventType "team"]
[EventRounds "9"]
[EventCountry "AUT"]
[WhiteTeam "SV Chesshero Rapid Feffernitz"]
[BlackTeam "Mayrhofen/SK Zell/Zillertal"]

1. e4 g6 2. d4 Bg7 3. Nc3 d6 4. Nf3 Nf6 5. Be2 O-O 6. O-O a6 7. a4 Nc6 8. h3 e5
9. dxe5 dxe5 10. Bg5 h6 11. Qxd8 Rxd8 12. Bxf6 Bxf6 13. Nd5 Bg7 14. Nxc7 Rb8
15. Rad1 Nd4 16. Nxd4 exd4 17. Nd5 b5 18. Ne7+ Kf8 19. Nc6 Bb7 20. Nxd8 Rxd8
21. axb5 axb5 22. Bd3 Bc6 23. Ra1 Be5 24. Ra6 Rc8 25. f4 Bb8 26. h4 Ke7 27. e5
Kd7 28. f5 Bxe5 29. fxg6 fxg6 30. Bxg6 Ra8 31. Rxc6  1-0

[Event "Frauenbundesliga 2017-2018"]
[Site "Feffernitz, Grieskirchen, St. Veit/Glan"]
[Date "2018.04.06"]
[Round "7"]
[Board "2"]
[White "Mayrhuber, Nikola"]
[Black "Tscharnuter, Alexandra"]
[Result "1-0"]
[WhiteElo "2061"]
[BlackElo "1726"]
[PlyCount "93"]
[EventDate "2017.11.24"]
[EventType "team"]
[EventRounds "9"]
[EventCountry "AUT"]
[WhiteTeam "Mayrhofen/SK Zell/Zillertal"]
[BlackTeam "SV Chesshero Rapid Feffernitz"]

1. d4 Nf6 2. c4 e6 3. Nf3 b6 4. g3 Ba6 5. Qa4 Bb7 6. Bg2 c6 7. O-O Be7 8. Nc3
d5 9. cxd5 exd5 10. Ne5 Nfd7 11. Bf4 O-O 12. Nf3 Nf6 13. Rfd1 Bd6 14. Ne5 Qc7
15. Rac1 Qe7 16. Nd3 Bxf4 17. Nxf4 Nbd7 18. Re1 b5 19. Qd1 Nb6 20. e4 dxe4 21.
Nxe4 Nxe4 22. Bxe4 Qd7 23. Qd3 h6 24. Red1 Rfd8 25. Rc5 Nc4 26. Qc2 Qe8 27. b3
Na5 28. Re5 Qf8 29. Qd2 Qa3 30. Bb1 Bc8 31. Qc2 f5 32. Rc5 Qb4 33. d5 Bd7 34.
dxc6 Bxc6 35. Nd5 Bxd5 36. Rcxd5 Nc6 37. Qxf5 Rxd5 38. Qxd5+ Kf8 39. Qxc6 Re8
40. Bg6 Re1+ 41. Rxe1 Qxe1+ 42. Kg2 Qe5 43. Qa8+ Ke7 44. Qxa7+ Kf6 45. Qf7+ Kg5
46. h4+ Kg4 47. Qf3#  1-0

[Event "Frauenbundesliga 2017-2018"]
[Site "Feffernitz, Grieskirchen, St. Veit/Glan"]
[Date "2018.04.06"]
[Round "7"]
[Board "3"]
[White "Sommer, Hannah"]
[Black "Schloffer, Jasmin-Denise"]
[Result "0-1"]
[WhiteElo "1779"]
[BlackElo "2109"]
[PlyCount "92"]
[EventDate "2017.11.24"]
[EventType "team"]
[EventRounds "9"]
[EventCountry "AUT"]
[WhiteTeam "SV Chesshero Rapid Feffernitz"]
[BlackTeam "Mayrhofen/SK Zell/Zillertal"]

1. d4 Nf6 2. c4 e6 3. Nc3 Bb4 4. Bg5 h6 5. Bd2 b6 6. Nf3 Bb7 7. e3 O-O 8. Be2
d6 9. O-O Nbd7 10. a3 Bxc3 11. Bxc3 Ne4 12. Rc1 f5 13. Nd2 Ndf6 14. f3 Nxc3 15.
Rxc3 Qe7 16. Re1 Rad8 17. b4 Ba8 18. Qc2 c5 19. b5 Nh5 20. dxc5 dxc5 21. Nf1
Qg5 22. Rd1 Rde8 23. Rd7 Rf6 24. Bd1 Rg6 25. Rcd3 e5 26. Qd2 e4 27. Rd8 Kf8 28.
Rxe8+ Kxe8 29. Rd6 exf3 30. Rxg6 Qxg6 31. Qf2 fxg2 32. Nd2 Nf6 33. Bf3 Ne4 34.
Nxe4 Bxe4 35. Bxe4 fxe4 36. Qxg2 Qxg2+ 37. Kxg2 Ke7 38. h4 Kf6 39. Kg3 Kf5 40.
Kh3 h5 41. Kg3 g5 42. Kh3 gxh4 43. Kxh4 Kg6 44. a4 Kh6 45. Kh3 Kg5 46. Kg3 h4+
 0-1

[Event "Frauenbundesliga 2017-2018"]
[Site "Feffernitz, Grieskirchen, St. Veit/Glan"]
[Date "2018.04.06"]
[Round "7"]
[Board "4"]
[White "Konecny, Sophie"]
[Black "Zoehrer, Sarah"]
[Result "1-0"]
[WhiteElo "1818"]
[BlackElo "1735"]
[PlyCount "61"]
[EventDate "2017.11.24"]
[EventType "team"]
[EventRounds "9"]
[EventCountry "AUT"]
[WhiteTeam "Mayrhofen/SK Zell/Zillertal"]
[BlackTeam "SV Chesshero Rapid Feffernitz"]

1. d4 d5 2. c4 c6 3. Nf3 e6 4. Qb3 Bd6 5. g3 f5 6. Bg2 Nf6 7. Nbd2 O-O 8. Ne5
Bxe5 9. dxe5 Ng4 10. Nf3 Nd7 11. Bf4 Qa5+ 12. Bd2 Qc7 13. Qc3 Qb6 14. O-O c5
15. cxd5 exd5 16. Ng5 Qc6 17. Bf4 h6 18. Rad1 Nb6 19. Nf3 g5 20. Bc1 d4 21. Qc2
Qc7 22. Rxd4 Nxe5 23. Nxe5 Qxe5 24. Rd3 f4 25. Rc3 c4 26. Qg6+ Qg7 27. Qd6 fxg3
28. Rxg3 Qf6 29. Qb4 Kh8 30. Rf3 Nd5 31. Qxf8+  1-0

[Event "Frauenbundesliga 2017-2018"]
[Site "Feffernitz, Grieskirchen, St. Veit/Glan"]
[Date "2018.04.06"]
[Round "7"]
[Board "1"]
[White "Boric, Elena"]
[Black "Saler-Grafenberger, Elisabeth"]
[Result "1-0"]
[WhiteElo "2179"]
[BlackElo "1907"]
[PlyCount "113"]
[EventDate "2017.11.24"]
[EventType "team"]
[EventRounds "9"]
[EventCountry "AUT"]
[WhiteTeam "ASVOE Wulkaprodersdorf"]
[BlackTeam "Spg. Steyr"]

1. e4 d6 2. d4 Nf6 3. Nc3 e5 4. Nf3 Nbd7 5. Bc4 Be7 6. O-O O-O 7. a4 c6 8. h3
Qc7 9. Bg5 h6 10. Bh4 exd4 11. Qxd4 Ne5 12. Be2 Ng6 13. Bg3 Nh5 14. Bh2 Nhf4
15. Bd1 Bf6 16. Qe3 Be5 17. h4 Qe7 18. h5 Nxg2 19. Kxg2 Nh4+ 20. Nxh4 Qxh4 21.
Bxe5 dxe5 22. Qg3 Qe7 23. Be2 Bd7 24. Rae1 a6 25. Bd3 b5 26. axb5 axb5 27. Nd1
Rad8 28. Ne3 Qc5 29. Kh2 Qe7 30. Rg1 Qf6 31. Rg2 Kh8 32. Nf5 Bxf5 33. exf5 Rde8
34. Be4 Rd8 35. Bxc6 Rd4 36. Be4 Rfd8 37. b3 b4 38. Rgg1 Rc8 39. Re3 Rcd8 40.
Rge1 Rc8 41. Rd3 Rcd8 42. Kg2 Qd6 43. Rxd4 Qxd4 44. Bd3 f6 45. Re4 Qd5 46. Kh3
Rb8 47. Rc4 Qf7 48. Qg6 Qa7 49. Kg2 Qd7 50. Qg4 Qd6 51. Qe4 Qe7 52. Qc6 Rd8 53.
Qc7 Rd7 54. Qb8+ Rd8 55. Rc8 Rxc8 56. Qxc8+ Kh7 57. Bc4  1-0

[Event "Frauenbundesliga 2017-2018"]
[Site "Feffernitz, Grieskirchen, St. Veit/Glan"]
[Date "2018.04.06"]
[Round "7"]
[Board "2"]
[White "Bernhard, Julia"]
[Black "Moerwald, Magdalena"]
[Result "0-1"]
[WhiteElo "1803"]
[BlackElo "1798"]
[PlyCount "140"]
[EventDate "2017.11.24"]
[EventType "team"]
[EventRounds "9"]
[EventCountry "AUT"]
[WhiteTeam "Spg. Steyr"]
[BlackTeam "ASVOE Wulkaprodersdorf"]

1. e4 c6 2. d4 d5 3. exd5 cxd5 4. Bd3 Nc6 5. c3 Nf6 6. h3 Qc7 7. Nf3 g6 8. Bg5
Bg7 9. Bh4 Nh5 10. Na3 a6 11. Nc2 Nf4 12. Ne3 Nxd3+ 13. Qxd3 e6 14. Ng4 O-O 15.
Nf6+ Kh8 16. Qe3 Ne7 17. g4 Ng8 18. g5 Ne7 19. Bg3 Qb6 20. b3 Nf5 21. Qf4 Qd8
22. Qe5 Bd7 23. h4 Rc8 24. Rc1 Nxg3 25. fxg3 Qc7 26. h5 Qxe5+ 27. dxe5 Bxf6 28.
gxf6 Rg8 29. Ng5 Be8 30. Ke2 h6 31. Rcf1 Rc6 32. Rf2 gxh5 33. Rxh5 Rxg5 34.
Rxh6+ Kg8 35. Rfh2 Kf8 36. Rh8+ Rg8 37. Ke3 a5 38. R2h4 a4 39. b4 b5 40. a3 Rc4
41. Kd3 Rxh4 42. Rxg8+ Kxg8 43. gxh4 Kh7 44. Ke3 Kg6 45. Kd4 Kf5 46. h5 Kg5 47.
Kc5 Kxh5 48. Kd6 Kg6 49. Ke7 Bc6 50. Kd6 Ba8 51. Ke7 d4 52. cxd4 Bf3 53. Kd6
Kf5 54. Kc5 Be2 55. Kd6 Ke4 56. d5 Bg4 57. Kc5 exd5 58. Kxb5 d4 59. Kxa4 d3 60.
b5 d2 61. b6 d1=Q+ 62. Ka5 Bc8 63. e6 Qd5+ 64. Kb4 Qxe6 65. Ka5 Qxf6 66. a4
Qc3+ 67. Kb5 Bd7+ 68. Ka6 Bxa4 69. b7 Qc6+ 70. Ka7 Qxb7+  0-1